Introducción a la física
Bewaard in:
| Hoofdauteurs: | , , , , |
|---|---|
| Formaat: | Boek |
| Taal: | Spaans |
| Gepubliceerd in: |
Lisboa
McGraw-Hill
2001
|
| Editie: | 2a. ed |
| Onderwerpen: | |
| Tags: |
Voeg label toe
Geen labels, Wees de eerste die dit record labelt!
|
MARC
| LEADER | 00000nam a2200000 a 4500 | ||
|---|---|---|---|
| 001 | UCL0117 | ||
| 003 | CL-VaPUC | ||
| 008 | 030620e20010000PO |||||||||||||||||spa|d | ||
| 082 | 0 | 4 | |a 530 |b DIA |2 21 |
| 100 | 0 | |a Dias de Deus, Jorge |e author |9 476838 | |
| 700 | 0 | |a Pimenta, Mário |e author |9 476839 | |
| 700 | 0 | |a Noronha, Ana |e author |9 476840 | |
| 700 | 0 | |a Peña, Teresa |e author |9 476841 | |
| 700 | 0 | |a Brogueira, Pedro |e author |9 476842 | |
| 245 | 1 | 0 | |a Introducción a la física |
| 250 | |a 2a. ed | ||
| 300 | |a 504 p | ||
| 942 | |c BK | ||
| 945 | |d 20030620 00:00:00 |a cmena | ||
| 260 | |a Lisboa |b McGraw-Hill |c 2001 | ||
| 650 | 0 | |a Física |9 227844 | |
| 650 | 0 | |a Simulación por computador |9 260988 | |
| 650 | 7 | |a FISICA MECANICA |2 CL-VaPUC |9 476843 | |
| 650 | 7 | |a CAMPOS ELECTROMAGNETICOS |2 CL-VaPUC |9 264139 | |
| 583 | |a last modification |c 20030620 00:00:00 |k Rodrigo Vera | ||
| 999 | |c 304143 |d 304141 | ||
| 952 | |0 0 |1 0 |4 0 |6 530_000000000000000_DIA_2001 |7 0 |8 A |9 366015 |a BIBCUR |b BIBCUR |d 2019-11-21 |i 3914135 |l 2 |o 530 DIA 2001 |p 3914135 |r 2025-04-22 |s 2024-08-07 |w 2019-11-21 |y BK |k FIS | ||